[Event "83rd DEN-ch"]
[Site "Koege DEN"]
[Date "2004.04.12"]
[Round "4.3"]
[White "El-Kher, Henrik"]
[Black "Pedersen, Steffen"]
[Result "0-1"]
[WhiteElo "2404"]
[BlackElo "2417"]
[EventDate "2004.04.04"]
[PlyCount "66"]

1.e4 c6 2.d4 d5 3.e5 Bf5 4.h4 h5 5.c4 e6 6.Nc3 Be7 7.g3 dxc4 8.Bxc4 Nd7 9.
Be3 Nh6 10.Bxh6 Rxh6 11.Qd2 Nb6 12.Bb3 a5 13.a4 Nd5 14.Bxd5 exd5 15.Nf3 
Bg4 16.Nh2 Bf5 17.Nf3 Rg6 18.Rc1 Kf8 19.Nh2 Kg8 20.Nf1 f6 21.exf6 Bxf6 22.
Ne3 Qd7 23.Nxf5 Qxf5 24.Ne2 Re8 25.Kf1 Qf3 26.Rg1 Bxh4 27.Rc3 Bg5 28.Rxf3 
Bxd2 29.Rh1 Rge6 30.Nf4 Bxf4 31.Rxf4 Re1+ 32.Kg2 Rxh1 33.Kxh1 Re4 0-1

[Event "83rd DEN-ch"]
[Site "Koege DEN"]
[Date "2004.04.12"]
[Round "4.4"]
[White "Pedersen, Steffen"]
[Black "El-Kher, Henrik"]
[Result "1-0"]
[WhiteElo "2417"]
[BlackElo "2404"]
[EventDate "2004.04.04"]
[PlyCount "89"]

1.d4 Nf6 2.c4 c5 3.d5 e6 4.Nc3 exd5 5.cxd5 d6 6.e4 g6 7.f4 Bg7 8.Bb5+ Nfd7
9.Nf3 a6 10.Bd3 b5 11.a3 O-O 12.O-O Nf6 13.Bc2 Bg4 14.h3 Bxf3 15.Qxf3 Nbd7
16.g4 c4 17.Be3 Rc8 18.Rad1 Re8 19.Qg3 Nc5 20.e5 dxe5 21.fxe5 Nfd7 22.e6 
fxe6 23.dxe6 Rxe6 24.Nd5 Qe8 25.Bg5 Bxb2 26.Qh4 Bg7 27.Ne7+ Kh8 28.Rde1 
Ne5 29.Nxc8 Qxc8 30.Bh6 Qe8 31.Bxg7+ Kxg7 32.Re3 Nf7 33.Ref3 Ne5 34.Rf8 
Qxf8 35.Rxf8 Kxf8 36.Qf2+ Kg7 37.Qxc5 Kf6 38.Kf2 h6 39.Kg3 Nf7 40.h4 g5 
41.Bf5 Rd6 42.h5 Rd2 43.Bg6 Nd6 44.Qb6 Ke5 45.Qe3+ 1-0